| 000 -LEADER |
| fixed length control field |
00392nam a22001577a 4500 |
| 003 - CONTROL NUMBER IDENTIFIER |
| control field |
OSt |
| 005 - DATE AND TIME OF LATEST TRANSACTION |
| control field |
20200615150959.0 |
| 008 - FIXED-LENGTH DATA ELEMENTS--GENERAL INFORMATION |
| fixed length control field |
200615b ||||| |||| 00| 0 eng d |
| 020 ## - INTERNATIONAL STANDARD BOOK NUMBER |
| International Standard Book Number |
9788490540077 |
| 082 ## - DEWEY DECIMAL CLASSIFICATION NUMBER |
| Classification number |
727 |
| Item number |
BRO |
| 100 ## - MAIN ENTRY--PERSONAL NAME |
| Dates associated with a name |
Broto, Carles, |
| 110 ## - MAIN ENTRY--CORPORATE NAME |
| Corporate name or jurisdiction name as entry element |
Jacobo Krauel |
| 245 ## - TITLE STATEMENT |
| Title |
Schools Innovation & Design |
| 260 ## - PUBLICATION, DISTRIBUTION, ETC. (IMPRINT) |
| Place of publication, distribution, etc |
Spain |
| Name of publisher, distributor, etc |
Links International |
| Date of publication, distribution, etc |
March 7, 2014 |
| 942 ## - ADDED ENTRY ELEMENTS (KOHA) |
| Source of classification or shelving scheme |
|